000 01062nam a22003377a 4500
001 0011903
003 KOHA_MİRAKIL
005 20260207001833.0
007 ta
008 091222b2006 tu |||gr||||#||||0|tur |
020 _a975848687X
040 _aTR-BiSEU
_btur
_cTR-BiSEU
_erda
041 0 _atur
044 _ctu
050 _aBF721
_b.N37 2006
100 1 _aNar, Ercan.
245 1 _aAnne, baba ve öğretmenim beni anlayın! :
_bçocuk psikolojisi adına merak edilen her şey/
_cErcan Nar ; Ercan Nar.
264 1 _aİstanbul :
_bBabıali Kültür Yayıncılık
_c2006
300 _a140 sayfa; 20 cm.
336 _ametin
_btxt
_2rdacontent
337 _aaracısız
_bn
_2rdamedia
338 _acilt
_bnc
_2rdacarrier
490 1 _aBabıali Kültür Yayıncılığı ;
_v86.
490 1 _aEğitim ;
_v1.
500 _aKaynakça var.
650 0 _aÇocuk psikolojisi.
_915487
650 0 _aAnababa ve çocuklar.
_925689
830 1 _aBabıali Kültür Yayıncılığı ;
_v86.
_916585
830 1 _aEğitim ;
_v1.
_928947
942 _2lcc
_cBK
999 _c11872
_d11872